Análisis de Datos tu ventaja competitiva. Alfabetización de Datos. Cómo Entender y Usar Datos de Forma Sencilla.

Gespeichert in:
Bibliographische Detailangaben
1. Verfasser: Blau, Ember (autor)
Format: Unbekannt
Sprache:Englisch
Veröffentlicht: [Lugar de publicación no identificado]: [Editor no identificado], 2023.
Schlagworte:
Tags: Tag hinzufügen
Keine Tags, Fügen Sie den ersten Tag hinzu!

MARC

LEADER 00000 a2200000 4500
003 CL-VaPUC
005 20241022160014.0
008 231122t2023 ||||| |||| 00| 0 eng d
999 |c 442519  |d 442517 
020 |a 9798863436852 
040 |c Pontificia Universidad Católica de Valparaíso 
082 |2 22  |a 004.3 BLA 2023 
100 |a Blau, Ember  |9 885844  |e autor 
245 |a Análisis de Datos tu ventaja competitiva.  |b Alfabetización de Datos. Cómo Entender y Usar Datos de Forma Sencilla.  
260 |a [Lugar de publicación no identificado]:  |b [Editor no identificado],   |c 2023. 
300 |a 184 páginas.  
583 |k GC  |c 20231122 
650 0 |9 269871  |a Análisis de datos  |x Aspectos teóricos y prácticos   |x Recopilación, validación, estadísticas, etc.  
942 |2 ddc  |c BK 
952 |0 0  |1 0  |2 ddc  |4 0  |6 004_300000000000000_BLA_2023  |7 0  |8 A  |9 592508  |a BIBCUR  |b BIBCUR  |c GEN  |d 2023-11-14  |e 1  |g 24766.00  |i 5659525  |o 004.3 BLA 2023  |p 5659525  |r 2025-04-22  |t 1  |v 24766.00  |w 2023-11-14  |y BK  |k PER